000
00277 a2200133 4500
001
194801
040
_c
Magnum
100
_a
Alencar, José de
240
1
0
_a
A alma do lázaro
_l
por
245
1
0
_a
A alma do lázaro
300
_a
44
697
_a
LITERATURA GERAL
942
_c
BK
999
_c
194801
_d
194801